Guidelines for developing an employee assistance program /

Bibliographic Details
Main Author: Wrich, James T.
Format: Book
Language:English
Published: New York, N.Y. : AMACOM, [1982]
Series:AMA management briefing.
Subjects:

MARC

Tag First Indicator Second Indicator Subfields
LEADER 00000cam a22000008a 4500
001 in00000082002
005 20151008055446.0
008 820201s1982 nyu 00010 eng
010 |a  82001687  
020 |a 0814422756 :  |c $10.00 
035 |a (OCoLC)08194855 
035 |9 AAJ3521AM 
039 0 |a 2  |b 3  |c 3  |d 3  |e 3 
040 |a DLC  |c DLC  |d TXA  |d UtOrBLW 
049 |a TXAM  |c [1804528] 
050 0 0 |a HF5549.5.E42  |b W744 
082 0 |a 658.3/82  |2 19 
100 1 |a Wrich, James T. 
245 1 0 |a Guidelines for developing an employee assistance program /  |c James T. Wrich. 
263 |a 8202 
264 1 |a New York, N.Y. :  |b AMACOM,  |c [1982] 
264 4 |c ©1982 
300 |a 81 pages ;  |c 23 cm. 
336 |a text  |b txt  |2 rdacontent 
337 |a unmediated  |b n  |2 rdamedia 
338 |a volume  |b nc  |2 rdacarrier 
490 1 |a AMA management briefing 
500 |a Adaptation of: The employee assistance program. 
650 0 |a Employee assistance programs. 
650 0 |a Alcoholism and employment. 
830 0 |a AMA management briefing. 
999 |a MARS 
999 f f |s a62a2671-e04b-3f9f-9483-5451122c1f18  |i 5f028192-267e-307f-a319-b1674fc54545  |t 0 
952 f f |p ric  |a Texas A&M University  |b Rellis Campus  |c Joint Library Facility  |d Remote Storage  |t 0  |e HF5549.5.E42 W744  |h Library of Congress classification  |i unmediated -- volume  |m A14806135517 
998 f f |a HF5549.5.E42 W744  |t 0  |l Remote Storage